| 000 | 00721nam a2200181 a 4500 | ||
|---|---|---|---|
| 008 | 101101s2006 ||||||||||||||||| || u | ||
| 020 | _a9780750685313 | ||
| 050 | _aTK 4660.5 Atk | ||
| 100 | _aAtkins, Tony | ||
| 245 | 1 | 4 | _aThe science and engineering of cutting: the mechanics and processes of separating, scratching and puncturing biomaterials, metals and non-metals |
| 260 |
_aAmsterdam: _bElsevier _c2006 |
||
| 300 | _axiii, 413p.: ill. | ||
| 350 | _a0.00 | ||
| 650 | _aENGINEERING | ||
| 650 | _aCUTTING | ||
| 650 | _aMATERIALS--CUTTING | ||
| 995 |
_D0.00 _FCBU-MAIN LIBRARY (Kitwe) _H1 _I0.00 _M1 _UAVAILABLE _WNov 30, 2010 _ZMain Library Open Access Collection |
||
| 999 |
_c57071 _d57071 |
||